000 01513nam a2200325 a 4500
001 000043486
003 DO-SdBPM
005 20260123101612.0
008 140319s2013 dr 000 0 spa d
020 _a9789993431466
040 _aDO-SdBNP
_bspa
_cBNPHU
_drda
082 4 _aR011.97293
_bA939a 2013
_222
100 1 _aAponte, Sarah
_eautora
_4Aut.
245 1 0 _aAutores dominicanos de la diáspora :
_bapuntes bio-bibliográficos 1902-2012 /
_cSarah Aponte, Franklin Gutiérrez.
264 _aSanto Domingo :
_bBiblioteca Nacional Pedro Henríquez Ureña,
_c2013.
300 _a430 páginas ;
_c23 cm.
336 _atexto
_btxt
_2rdacontent
337 _asin mediación
_bn
_2rdamedia
338 _avolumen
_bnc
_2rdacarrier
500 _aIncluye datos biográficos de los autores en las solapas
500 _aIncluye índice
505 0 _aAgradecimiento, 7.-- Autores dominicanos de la diáspora: apuntes bio-bibliográficos (1902-2012), 25.-- Autores dominicanos de la diáspora: apuntes bio-bibliográficos (1902-2012) bibliografía por orden alfabético, 203.-- Cronología autores dominicanos de la diáspora: apuntes bibliográficos (1902-2012), 297.-- Índice onomástico, 417.
590 _aInventariado, 2026/VM
650 7 _aAutores dominicanos
_vBio-bibliografía.
650 7 _aLiteratura dominicana
_vBiobibliografías.
651 7 _aRepública Dominicana
_vBiografías
700 1 _aGutiérrez, Franklin,
_d1951-
_eautor
910 _aVMateo V. Control de calidad.
942 _2ddc
_cBK
999 _c15620
_d15620